000 00787nam a2200253Ia 4500
003 OSt
005 20221005082325.0
006 a|||||r|||| 00| 0
007 ta
008 221004b |||||||| |||| 00| 0 eng d
020 _a9788183872607 (hbk)
_c1450
024 _a98597
037 _b368, 22/12/2009, Eastern Book Linkers
_cTextual
040 _aCRL
_cCRL
_beng
041 _2eng
_aeng
082 _aZ1(Y:4),2674, Q0
100 _aSabanna Talwar
245 0 _aIntellectual property rights in WTO and developing countries
260 _aNew Delhi
_bSerials Publications India
_c2010
300 _axiii,352p.
_ccm.
650 _aLAW
942 _hZ1(Y:4),2674, Q0
_cTEXL
_2cc
999 _c989142
_d989142